Bootstrapping : Douglas Engelbart, Coevolution, and the Origins of Personal Computing /

Furkejuvvon:
Bibliográfalaš dieđut
Váldodahkki: Bardini, Thierry (autor)
Materiálatiipa: Girji
Giella:eaŋgalasgiella
Almmustuhtton: Stanford, EUA : Stanford University, 2000, c2000
Ráidu:(Writing Science)
Fáttát:
Fáddágilkorat: Lasit fáddágilkoriid
Eai fáddágilkorat, Lasit vuosttaš fáddágilkora!

MARC

LEADER 00000nam^a2200000^a^4500
001 000153940
005 20250521000000.0
009 20260310100336.804
020 |a 0-8047-3723-1 
037 |a Acervo ITESO - Biblioteca 
041 |a ING 
082 |a 004. 09  |b BAR 
100 |a Bardini, Thierry  |e (autor) 
245 1 0 |a Bootstrapping :  |b Douglas Engelbart, Coevolution, and the Origins of Personal Computing /  |c T. Bardini. 
264 4 |a Stanford, EUA :  |b Stanford University,  |c 2000, c2000 
300 |a XVI, 284 p. 
336 |a texto  |b txt  |2 rdacontenido 
337 |a sin mediación  |b n  |2 rdamedio 
338 |a volumen  |b nc  |2 rdasoporte 
440 1 |a (Writing Science) 
649 |a XX 
650 |a Investigadores Norteamericanos 
650 |a Ingenieros en Informática 
650 |a Computadoras -  |x Historia 
650 |a Componentes (Hardware) 
650 |a Arquitectura de Computadoras 
650 |a Interfaz de Usuario 
650 |a Interacción Hombre-Máquina 
650 |a Inteligencia Artificial -  |x Historia 
650 |a Hipertexto -  |x Historia 
650 |a Internet -  |x Historia 
650 |a Redes de Computadoras -  |x Historia 
650 |a Comunicación en Red -  |x Historia 
650 |a Sistemas Computacionales -  |x Historia 
650 |a Tecnologías de Comunicación e Información -  |x Historia 
650 |a Telecomunicaciones -  |x Historia 
650 |a Desarrollo Tecnológico -  |x Historia 
650 |a Tecnología y Sociedad 
650 |a Ingeniería Computacional -  |x Historia 
650 |a Engelbart, Douglas C. 
910 |a Fondo General 
920 |a Impresos - Libros 
930 |a Colección General 
905 |a 101 
901 |a 0500085643  |b IT1  |c ACC  |u 20250521 
902 |a https://opac.biblio.iteso.mx/vufind/Record/000153940